Central Library OPAC University of Rajshahi

Business fluctuations and forecasting / (Record no. 45228)

MARC details
000 -LEADER
fixed length control field 00686nam a2200229 a 4500
001 - CONTROL NUMBER
control field 45228
003 - CONTROL NUMBER IDENTIFIER
rucl marc code BD-RjUL
005 - DATE AND TIME OF LATEST TRANSACTION
control field 20211209054001.0
008 - FIXED-LENGTH DATA ELEMENTS--GENERAL INFORMATION
fixed length control field 160725s1954 ohua b 001 0 eng
035 ## - SYSTEM CONTROL NUMBER
System control number (BD-RjUL)45346
System control number (OCoLC)657408
040 ## - CATALOGING SOURCE
Original cataloging agency DLC
Transcribing agency PPD
Modifying agency OCoLC
-- BD-RjUL
Language of cataloging eng
041 ## - LANGUAGE CODE
Language code of text/sound track or separate title eng
082 ## - DEWEY DECIMAL CLASSIFICATION NUMBER
Classification number 338.54
Edition number 23
Author mark and year DAB 1954
100 1# - MAIN ENTRY--PERSONAL NAME
Personal name Dauten, Carl Anton
Dates associated with a name 1913-
9 (RLIN) 138554
245 10 - TITLE STATEMENT
Title Business fluctuations and forecasting /
Statement of responsibility, etc. Carl Anton Dauten
260 ## - PUBLICATION, DISTRIBUTION, ETC. (IMPRINT)
Place of publication, distribution, etc. Cincinnati :
Name of publisher, distributor, etc. South-western Pub. Co.,
Date of publication, distribution, etc. c1954
300 ## - PHYSICAL DESCRIPTION
Pagination vii, 518 p. :
Illustrations ill. ;
Size 24 cm.
650 #0 - SUBJECT ADDED ENTRY--TOPICAL TERM
Topical term or geographic name as entry element Business forecasting.
9 (RLIN) 134616
Topical term or geographic name as entry element Business cycles.
9 (RLIN) 138555
942 ## - ADDED ENTRY ELEMENTS (KOHA)
Source of classification or shelving scheme Dewey Decimal Classification
Koha item type Books
Holdings
Lost status Source of classification or shelving scheme Damaged status Not for loan Collection code Permanent Location Current Location Shelving location Date acquired Source of acquisition Cost, normal purchase price Total Checkouts Full call number Date last seen Copy number Koha item type
  Dewey Decimal Classification     Non-fiction Central Library, University of Rajshahi Central Library, University of Rajshahi   02/07/1985 Socio economic Board 0.00   338.54 DAB 1954 25/07/2016 C-2 Books
  Dewey Decimal Classification     Non-fiction Central Library, University of Rajshahi Central Library, University of Rajshahi   02/07/1985 Socio economic Board 0.00   338.54 DAB 1954 25/07/2016 C-3 Books
  Dewey Decimal Classification     Non-fiction Central Library, University of Rajshahi Central Library, University of Rajshahi   29/09/1959 Asia foundation     338.54 DAB 1954 25/07/2016 C-4 Books
  Dewey Decimal Classification     Non-fiction Central Library, University of Rajshahi Central Library, University of Rajshahi   29/09/1959 Asia foundation     338.54 DAB 1954 25/07/2016 C-5 Books
  Dewey Decimal Classification     Non-fiction Central Library, University of Rajshahi Central Library, University of Rajshahi   02/07/1985 Socio economic Board     338.54 DAB 1954 25/07/2016 C-6 Books
  Dewey Decimal Classification     Non-fiction Central Library, University of Rajshahi Central Library, University of Rajshahi   02/07/1985 Socio economic Board 0.00   338.54 DAB 1954 25/07/2016 C-7 Books
  Dewey Decimal Classification     Non-fiction Central Library, University of Rajshahi Central Library, University of Rajshahi   02/07/1985 Socio economic Board 0.00   338.54 DAB 1954 25/07/2016 C-8 Books